Responses for show #16 - Monday, October 1, 1984

Elise Beraru game 1.

Contestants

[<< previous game]

Elise Beraru, an insurance underwriter from Los Angeles, California

Don Cameron, a football coach from Long Beach, California

Larry Caplan, an attorney from Tamarac, Florida (whose 2-day cash winnings total $15,300)

[next game >>]

Jeopardy! Round responses

PRESIDENTS
TELEVISION
STARTS WITH "H"
POTENT POTABLES
BODIES OF WATER
PEOPLE
    $100 10
Abraham Lincoln

Elise
    $100 5
Beaver

Larry
    $100 25
Hula

Elise
    $100 11
port

Larry
    $100 22
(Alex: And we have less than a minute to go in the round.)

Niagara Falls

Larry
    $200 4
Theodore Roosevelt

Elise
    $200 9
Columbo

Larry
    $200 24
hemisphere

Larry
    $200 27
(Elise: What is seltzer?)
(Don: What is steam?)
[The end-of-round signal sounds.]

carbonation

DonElise
Triple Stumper
    $200 21
the Thames

Larry
    $300 3
Virginia

Larry
    $300 8
(Don: I'm sorry, I don't know.)

Cheers

LarryDon
    $300 23
huddle

Larry
    $300 26
to get drunk

Elise
    $300 18
Boulder/Hoover Dam

Elise
    $500 2
(Larry: Who are Lyndon Johnson & John Kennedy?)

Lyndon Johnson & Dwight Eisenhower

Larry
    $400 7
Ted Koppel

Larry
    $400 16
the Hulk

Larry
    $400 14
(Don: What is coq d' or?)

cocktail

Don
Triple Stumper
    $400 17
Lake Michigan

Larry
    $400 20
Princess Caroline

Larry
    $500 1
William Howard Taft

Larry
    $500 6
the Tonight Show theme

Larry
    $500 15
hand

Elise
    $500 13
a fifth

Elise
    $500 12
Lake Tahoe

Elise
    $500 19
(Larry: What is science fiction?)

mystery books

LarryElise

Scores at the first commercial break (after clue 9):

Larry Don Elise
$1,800 -$300 $200

Scores at the end of the Jeopardy! Round:

Larry Don Elise
$3,400 -$900 $2,800

Double Jeopardy! Round responses

AMERICAN INDIANS
CHEMISTRY
PROVERBS
WORLD WAR I
SPORTS
TRIVIA
    $200 14
France

Larry
    $200 9
holes-in-one

Elise
    $400 13
get out of the kitchen

Don
    $400 4
Mata Hari

Elise
    $400 8
bowling

Larry
    $600 12
(Larry: What is to love?)

to have loved and lost

LarryElise
    $1,000 3
submarine

Don
    $600 7
Leon Spinks

Larry
    $800 19
[The end-of-round signal sounds.]

Chief Crazy Horse

Elise
    $800 11
(absolute) power

Elise
    $800 2
John J. Pershing

Don
    $800 6
volleyball

Larry
    $800 16
(Larry: What is I absolutely have no idea?)

"Mary Had a Little Lamb"

LarryElise
    $1000 18
(Elise: What are the Hopi?)

Navajo

LarryElise
    $1000 17
lead

Larry
    $1000 10
repeat history

Elise
    $1000 1
(Elise: What are trains?)

taxis (taxicabs of Paris)

DonElise
    $1000 5
Gordie Howe

Elise
    $3,000 15
(Larry: What is...)
(Alex: And we have less than a minute to go in the round.)

billion

Larry

Scores at the end of the Double Jeopardy! Round:

Larry Don Elise
$3,000 $2,300 $6,400
(lock game)

[wagering suggestions for these scores]

Final Jeopardy! Round responses

WORLD CITIES
DonWhat is Mexico City
$2,300
LarryWhat is Mexico City?
$3,000
EliseWhat is Mexico City?
$350
Mexico City

Final scores:

Larry Don Elise
$6,000 $4,600 $6,750
2nd place: Merillat kitchen/bath cabinet 3rd place: Andis hair styling products New champion: $6,750

Game dynamics:

Coryat scores:

Larry Don Elise
$6,500 $1,900 $6,400
21 R,
5 W
(including 2 DDs)
4 R
(including 1 DD),
3 W
17 R,
3 W

Combined Coryat: $14,800

The J! Archive is created by fans, for fans. The Jeopardy! game show and all elements thereof, including but not limited to copyright and trademark thereto, are the property of Jeopardy Productions, Inc. and are protected under law. This website is not affiliated with, sponsored by, or operated by Jeopardy Productions, Inc. Join the discussion at JBoard.tv.